000 01162nam a2200373 a 4500
001 22442
003 SK-KTurca
005 20260328120601.0
008 180809s2011 xo g 000 f slo
015 _aSNBA2011/09-05169
020 _a9788055123837
_q(viaz.)
035 _a3982B2A2-7DB7-438B-B8B4-B4C513D185FD
035 _aurn:nbn:sk:snk-amjh4k
035 _aurn:nbn:sk:snk-am001scv
040 _aSNK
_bslo
_cSNK
_eAACR2
041 1 _aslo
_heng
044 _axo
_cSK
072 7 _a821.111(73)-3
_xAmerická próza
_2konspekt
080 _a821.111(73)-31
_22001
080 _a(0:82-31)
_22001
100 1 _aRice, Anne,
_d1941-2021
_4aut
240 1 0 _aAngel time
_lSlovensky
245 1 0 _aČas anjelov
_bpiesne serafov
_cAnne Riceová ; [z anglického originálu preložil Platon Baker]
246 3 0 _aPiesne serafov
250 _a[1. vyd.]
260 _aBratislava
_bIkar
_c2011
300 _a215 s.
_c24 cm
500 _aNa obale knihy Anjelská séria 1. časť
655 7 _aamerické romány
_2SNKPH
655 7 _aAmerican fiction
_2SNKPHeng
700 1 _aBaker, Platon,
_d1952-2015
_4trl
942 _2ddc
_cKLDO
_n0
980 _a821.111(73)-31
999 _c22442
_d22442